Disciplining the non-disciplinary spaces, the rise of policing as an aspect of governmentality in 19th century Eugene, Oregon

Gespeichert in:  
Bibliographische Detailangaben
1. VerfasserIn: Websdale, Neil (Verfasst von)
Medienart: Druck Aufsatz
Sprache:Englisch
Veröffentlicht: 1991
In: Policing & society
Jahr: 1991, Band: 2, Heft: 2, Seiten: 89-115
Verfügbarkeit prüfen: HBZ Gateway
Schlagwörter:

MARC

LEADER 00000caa a22000002c 4500
001 1640171924
003 DE-627
005 20220608131320.0
007 tu
008 160223s1991 xx ||||| 00| ||eng c
035 |a (DE-627)1640171924 
035 |a (DE-576)456071105 
035 |a (DE-599)BSZ456071105 
040 |a DE-627  |b ger  |c DE-627  |e rakwb 
041 |a eng 
100 1 |a Websdale, Neil  |4 aut 
109 |a Websdale, Neil 
245 1 0 |a Disciplining the non-disciplinary spaces, the rise of policing as an aspect of governmentality in 19th century Eugene, Oregon  |c Neil Websdale 
264 1 |c 1991 
336 |a Text  |b txt  |2 rdacontent 
337 |a ohne Hilfsmittel zu benutzen  |b n  |2 rdamedia 
338 |a Band  |b nc  |2 rdacarrier 
773 0 8 |i In  |t Policing & society  |d Reading : Routledge, 1990  |g 2(1991), 2, Seite 89-115  |w (DE-627)170586545  |w (DE-600)1077946-2  |w (DE-576)026326876  |x 1043-9463  |7 nnas 
773 1 8 |g volume:2  |g year:1991  |g number:2  |g pages:89-115 
935 |a mkri 
951 |a AR 
ELC |b 1 
LOK |0 000 xxxxxcx a22 zn 4500 
LOK |0 001 3301569730 
LOK |0 003 DE-627 
LOK |0 004 1640171924 
LOK |0 005 20160223101254 
LOK |0 008 160208||||||||||||||||ger||||||| 
LOK |0 040   |a DE-21-110  |c DE-627  |d DE-21-110 
LOK |0 689   |a s  |a Gewalt in der Familie 
LOK |0 689   |a s  |a Polizeiintervention 
LOK |0 852   |z Kein Bestand am IfK; Nachweis für KrimDok 
LOK |0 852   |a DE-21-110 
LOK |0 852 1  |m v  |9 00 
LOK |0 935   |a k110 
LOK |0 938   |k v 
LOK |0 939   |a 08-02-16  |b l01 
ORI |a SA-MARC-krimdoka001.raw